00425nam a2200145 a 450000100100000000500170001000800410002704000250006808200090009310000240010224500810012625000110020726000380021830000230025600003488920200930073951.0111021s2004 pn 000 0 spa d aDO-SdBNPbspacBNPHU aXXXX1 aFábrega, Virginia10aPoesía festiva de Panama y Colombia siglos XIX y XX /cVirginia Fábrega. a2a ed. a[Panama] :bDutigrafí,c[198u]? a200 p. : ;c23 cm.